Enciclopedia escolar visor 5 : ecología y medio ambiente
Guardado en:
| Formato: | Libro |
|---|---|
| Publicado: |
Buenos Aires :
Visor
|
| Materias: | |
| Etiquetas: |
Agregar Etiqueta
Sin Etiquetas, Sea el primero en etiquetar este registro!
|
| LEADER | 00946nam a22002295a 4500 | ||
|---|---|---|---|
| 001 | CEM.cems012633 | ||
| 005 | 20070823181123.0 | ||
| 008 | 130507b######################000#0#####d | ||
| 003 | CEMS | ||
| 020 | |a 9875221430 | ||
| 082 | 0 | 4 | |a SG574.5 |
| 245 | 0 | 0 | |a Enciclopedia escolar visor 5 : |b ecología y medio ambiente |
| 260 | |a Buenos Aires : |b Visor | ||
| 300 | |a 32 p. | ||
| 505 | 0 | |a Ecología -- Los biomas del mundo -- Ciclos naturales -- El suelo -- El bosque tropical lluvioso -- La bóveda del bosque lluvioso -- La vida en el Río Amazonas -- La sabana -- Los desiertos -- Tierras de pastoreo -- Los bosques -- La vida en el río -- Las montañas -- La convivencia -- Animales en peligro | |
| 653 | |a Ecología | ||
| 653 | |a Medio ambiente | ||
| 653 | |a Biomas | ||
| 653 | |a Suelo | ||
| 653 | |a Ciclos naturales-2do egb | ||
| 653 | |a Biblioteca maría de los angeles saggio | ||
| 859 | |a CEMS |b BIB. CEMS - 11 de abril |h SG574.5 |i En16 |p 23943.07 |t Ej.1 |v 5 |3 5 | ||
